000 01235nam a2200361 c 4500
001 58690
003 CO-BoRNBP
005 20250827165722.0
007 ta
008 231206s2023 ck a|||ar ||| 00| p|spa d
020 _a9786289568943
040 _aCO-BoRNBP
_bspa
_erda
_cCO-BoRNBP
041 1 _aspa
_hita
043 _ae-it---
084 _aP
100 _aTessaro, Gek,
_d1957-
_eaut
245 1 0 _aAntes estaban los dinosaurios /
_cGek Tessaro ; ilustraciones y texto Satoshi Kitamura ; traducción Marta Tutone.
250 _aEdición especial
264 1 _aBogotá, Colombia :
_bA S ediciones,
_c2023
300 _a32 páginas :
_bilustraciones a color
336 _atexto
_btxt
_2rdacontent
337 _asin mediación
_bn
_2rdamedia
338 _avolumen
_bnc
_2rdacarrier
521 _aRecomendado para un público infantil entre 5 a 6 años
534 _tPrima c'erano i dinosauri
650 0 7 _aAnimales fósiles en la literatura
_2lemb
_960303
650 0 7 _aDinosaurios en la literatura
_2lemb
650 0 4 _aLiteratura infantil alemana
_ySiglo XXI
_2LEMB
650 0 4 _aPoesía infantil italiana
_2LEMB
_960302
700 _aSatoshi, Kitamura
_eill
_935832
700 _aTutone, Marta
_etrl
_9871
942 _2loc
_cBKLITI
999 _c58690
_d58690